[Event "Sardinia World Open A"]
[Site "Orosei ITA"]
[Date "2026.05.07"]
[Round "6.13"]
[White "Zeng, Chongsheng"]
[Black "Savitha, Shri B"]
[Result "1-0"]
[WhiteTitle "GM"]
[BlackTitle "IM"]
[WhiteElo "2557"]
[BlackElo "2374"]
[WhiteFideId "8603847"]
[BlackFideId "35061887"]
[EventDate "2026.05.03"]

1. e4 c5 2. Nf3 Nc6 3. Bb5 d6 4. Bxc6+ bxc6 5. O-O e5 6. c3 Nf6 7. Re1 Be7 8. d4
cxd4 9. cxd4 exd4 10. Nxd4 Bd7 11. Nc3 O-O 12. Bf4 Re8 13. h3 h6 14. Qd3 Qb6 15.
b3 Rad8 16. Rad1 Bf8 17. Qf3 c5 18. Nc2 Bc6 19. Bxh6 d5 20. exd5 Rxe1+ 21. Nxe1
Nxd5 22. Nxd5 Rxd5 23. Rxd5 Qb7 24. Qc3 Bxd5 25. Be3 Qc6 26. f3 c4 27. b4 Qa4
28. a3 g6 29. Qe5 Qc6 30. Bd4 f5 31. Nc2 a6 32. Ne3 Be6 33. Qf6 Bd7 34. Nd5 Qe6
35. Qh8+ Kf7 36. Qh7+ 1-0

[Event "Sardinia World Open A"]
[Site "Orosei ITA"]
[Date "2026.05.07"]
[Round "6.14"]
[White "Van Haastert, Edwin"]
[Black "Prraneeth, Vuppala"]
[Result "0-1"]
[WhiteTitle "IM"]
[BlackTitle "GM"]
[WhiteElo "2369"]
[BlackElo "2515"]
[WhiteFideId "1003992"]
[BlackFideId "46622373"]
[EventDate "2026.05.03"]

1. e4 c5 2. Nf3 e6 3. d4 cxd4 4. Nxd4 Nc6 5. Nc3 a6 6. Nxc6 bxc6 7. Bd3 d5 8.
O-O Nf6 9. Qf3 Be7 10. Qg3 O-O 11. Bh6 Ne8 12. Bd2 f5 13. exf5 exf5 14. Rfe1 Nf6
15. Rad1 Ne4 16. Bxe4 fxe4 17. Nxe4 Bh4 18. Bg5 Bxg3 19. Bxd8 Bg4 20. Be7 Rfe8
21. hxg3 Bxd1 22. Nd6 Bxc2 23. Nxe8 Rxe8 24. Bb4 Rb8 25. a3 d4 26. Re6 d3 27.
Rd6 Kf7 28. f4 c5 29. Bxc5 Rxb2 30. Bb4 h5 31. Kf1 Ke7 32. Rd5+ Ke6 33. Re5+ Kd7
34. Ke1 Bb3 35. Rxh5 Re2+ 36. Kf1 Bc4 37. Rc5 Bb5 38. Rd5+ Kc6 39. Rd6+ Kc7 40.
a4 Bc4 41. Rd4 Rc2 42. Ke1 Kb6 43. Rd6+ Kb7 44. Rd4 Re2+ 45. Kd1 Bb3+ 46. Kc1
Rc2+ 47. Kb1 Rxg2 48. g4 Bxa4 49. g5 Kc6 50. Kc1 Rc2+ 51. Kb1 Kb5 52. f5 Rf2 53.
Bc3 Bc2+ 54. Kb2 Rxf5 55. Rd7 g6 56. Bd2 Rc5 57. Be3 Re5 58. Bd2 Re6 59. Kc3 a5
60. Rd5+ Kb6 61. Kd4 a4 0-1

[Event "Sardinia World Open A"]
[Site "Orosei ITA"]
[Date "2026.05.07"]
[Round "6.16"]
[White "Aamuktha Guntaka"]
[Black "Gharibyan, Mamikon"]
[Result "1/2-1/2"]
[WhiteTitle "WFM"]
[BlackTitle "GM"]
[WhiteElo "2152"]
[BlackElo "2477"]
[WhiteFideId "33486697"]
[BlackFideId "13308300"]
[EventDate "2026.05.03"]

1. e4 c5 2. Nf3 e6 3. d4 cxd4 4. Nxd4 a6 5. Bd3 Qc7 6. O-O Bc5 7. Nb3 Be7 8. Re1
Nc6 9. Qe2 d6 10. c4 Nf6 11. Nc3 Ne5 12. h3 Bd7 13. Be3 Rc8 14. Nd2 O-O 15. Rac1
Nxd3 16. Qxd3 Qa5 17. a3 Rfd8 18. b4 Qc7 19. Red1 b6 20. f3 Qb7 21. Nb3 Be8 22.
Nd4 Nd7 23. f4 Ne5 24. fxe5 dxe5 25. Qe2 exd4 26. Bxd4 a5 27. c5 bxc5 28. Bxc5
Bxc5+ 29. bxc5 Qb3 30. Rxd8 Rxd8 31. Qa2 Qxa2 32. Nxa2 Bc6 33. Nc3 h5 34. a4 Rb8
35. Nb5 Rb7 36. Rc4 Bxb5 37. axb5 Rxb5 38. c6 Rb8 39. Rc5 Rc8 40. Rxh5 Rxc6 41.
Rxa5 Rc4 42. Re5 Rc2 43. Kh2 Kf8 44. Kg3 Ke7 45. Ra5 Rc3+ 46. Kf2 Kf6 47. h4 Kg6
48. Rg5+ Kh6 49. Ra5 Rc4 50. Kf3 f6 51. g3 Rc3+ 52. Kf2 e5 53. Ra7 Kg6 54. Rb7
Ra3 55. Rc7 Kh6 56. Rb7 Ra6 57. Kf3 Rc6 58. Ra7 Rc3+ 59. Kf2 g5 60. hxg5+ Kxg5
61. Rg7+ Kh5 62. Rg8 Kh6 63. Ra8 Kg7 64. Ra7+ Kg6 65. Ra8 Rd3 66. Ra7 Rd4 67.
Kf3 Rb4 68. Rc7 Rb3+ 69. Kf2 f5 70. Rc6+ Kg5 71. Rc5 1/2-1/2

[Event "Sardinia World Open A"]
[Site "Orosei ITA"]
[Date "2026.05.07"]
[Round "6.17"]
[White "Dronavalli, Harika"]
[Black "Vantika, Agrawal"]
[Result "1/2-1/2"]
[WhiteTitle "GM"]
[BlackTitle "IM"]
[WhiteElo "2470"]
[BlackElo "2367"]
[WhiteFideId "5015197"]
[BlackFideId "25050389"]
[EventDate "2026.05.03"]

1. d4 Nf6 2. Nf3 d5 3. c4 e6 4. Nc3 c6 5. e3 Bd6 6. Bd3 O-O 7. O-O Nbd7 8. e4
dxc4 9. Bxc4 e5 10. Bg5 exd4 11. Qxd4 Qe7 12. Rad1 Bc7 13. h3 Re8 14. Rfe1 Ne5
15. Be2 Nxf3+ 16. Bxf3 Be5 17. Qe3 Be6 18. Bf4 Bxf4 19. Qxf4 Rad8 20. Qe3 1/2-1/2

[Event "Sardinia World Open A"]
[Site "Orosei ITA"]
[Date "2026.05.07"]
[Round "6.18"]
[White "Kreken, Eivind Grunt"]
[Black "Lalit Babu M R"]
[Result "0-1"]
[WhiteTitle "FM"]
[BlackTitle "GM"]
[WhiteElo "2325"]
[BlackElo "2532"]
[WhiteFideId "1532359"]
[BlackFideId "5024595"]
[EventDate "2026.05.03"]

1. d4 Nf6 2. c4 e6 3. Nc3 Bb4 4. e3 b6 5. Ne2 Ne4 6. Bd2 Nxd2 7. Qxd2 d5 8. cxd5
exd5 9. a3 Be7 10. g3 O-O 11. Bg2 c6 12. O-O Nd7 13. Nf4 Nf6 14. Rac1 Rb8 15.
Rfd1 Bf5 16. f3 Rc8 17. Kh1 Rc7 18. Re1 Re8 19. e4 dxe4 20. fxe4 Bc8 21. e5 Ng4
22. Rcd1 Bf5 23. h3 Nh6 24. Qf2 Qc8 25. Kh2 Bf8 26. Qf3 c5 27. Nb5 Rd7 28. g4
Bc2 29. Rd2 cxd4 30. Rxd4 Bc5 31. Rxd7 Qxd7 32. Qc6 Rd8 33. Qxd7 Rxd7 34. b4 Be7
35. Bc6 Rd2+ 36. Re2 Bg5 37. Rxd2 Bxf4+ 38. Kg2 Bxd2 39. Nxa7 Bc1 40. a4 Bd2 41.
a5 bxa5 42. b5 a4 43. b6 Ba5 44. b7 Bc7 45. Bd5 Bb3 46. Be4 Kf8 47. Kf1 a3 48.
Bb1 a2 49. Bxa2 Bxa2 50. Nc6 Bc4+ 51. Kf2 Bb5 0-1

[Event "Sardinia World Open A"]
[Site "Orosei ITA"]
[Date "2026.05.07"]
[Round "6.19"]
[White "Srinath, Rao S.V."]
[Black "Hardaway, Brewington"]
[Result "0-1"]
[WhiteTitle "IM"]
[BlackTitle "GM"]
[WhiteElo "2296"]
[BlackElo "2510"]
[WhiteFideId "5028876"]
[BlackFideId "30941849"]
[EventDate "2026.05.03"]

1. d4 d6 2. Nf3 Nf6 3. Bg5 Nbd7 4. Nbd2 e5 5. c3 Be7 6. Qc2 c6 7. e3 O-O 8. Be2
Re8 9. O-O Qc7 10. Rad1 Nf8 11. dxe5 dxe5 12. Nc4 Nd5 13. e4 Nf4 14. Bxe7 Rxe7
15. g3 Nxe2+ 16. Qxe2 Be6 17. Ng5 Bd7 18. Rd2 f6 19. Nf3 Be6 20. b3 Rd8 21. Rfd1
Red7 22. Ne3 a5 23. Rxd7 Rxd7 24. Rxd7 Nxd7 25. Nd2 Nc5 26. f3 Qd8 27. Ndc4 b5
28. Nb2 g6 29. Qc2 Kg7 30. Kf2 Qd7 31. Ke2 Bf7 32. Qd2 Qe6 33. Nd3 Nxd3 34. Kxd3
a4 35. c4 Qd6+ 36. Ke2 Qc5 37. Qc3 Qa3 38. Qc2 axb3 39. axb3 Qa1 40. Qd1 Qa6 41.
Qd3 Qa2+ 42. Qc2 Qa1 43. Qd1 Qc3 44. Qc2 Qd4 45. Qd3 bxc4 46. bxc4 Qb2+ 47. Qd2
Qb3 48. Qd7 Qa2+ 49. Kd3 Qxh2 50. g4 Qf2 51. Qxc6 Qxf3 52. Qd7 Qh1 53. c5 Qb1+
54. Ke2 Qxe4 55. c6 Qa4 56. Qd6 Qa2+ 57. Kf3 Qe6 58. Qd7 Kh6 59. Kg3 Qb3 60. Qd2
Be6 61. Kf2 Kg7 62. c7 Qa3 63. Qd8 Qf8 64. Kg3 Qc5 65. Kf2 Bxg4 66. Qd5 Qxd5 67.
Nxd5 h5 68. Kg3 g5 69. Ne7 Kf7 70. c8=Q Bxc8 71. Nxc8 Ke6 72. Nb6 e4 73. Nc4 f5 0-1

[Event "Sardinia World Open A"]
[Site "Orosei ITA"]
[Date "2026.05.07"]
[Round "6.20"]
[White "Ilinca, Felix-Antonio"]
[Black "Petcu, Gabriel"]
[Result "1-0"]
[WhiteTitle "IM"]
[BlackTitle "FM"]
[WhiteElo "2486"]
[BlackElo "2323"]
[WhiteFideId "54764998"]
[BlackFideId "28548485"]
[EventDate "2026.05.03"]

1. d4 Nf6 2. c4 e6 3. Nc3 Bb4 4. e3 O-O 5. Bd3 d5 6. Nf3 c5 7. cxd5 exd5 8. dxc5
Nc6 9. O-O Bxc5 10. h3 a6 11. Ne2 Qe7 12. b3 Ne5 13. Nxe5 Qxe5 14. Rb1 Bd6 15.
Ng3 Qg5 16. Qf3 Bxg3 17. fxg3 Ne4 18. g4 Qe7 19. Qf4 Bd7 20. Bb2 Bc6 21. Rbd1
Rac8 22. Bb1 Rfe8 23. Bxe4 dxe4 24. g5 Bb5 25. Rf2 Bd3 26. h4 Qe6 27. h5 Rc5 28.
h6 g6 29. g4 b5 30. Kh2 b4 31. Kh3 a5 32. Rc1 Rxc1 33. Bxc1 Rc8 34. Bb2 Kf8 35.
Qg3 Qd5 36. Kh4 Rc5 37. Qb8+ Ke7 38. Qa7+ Ke8 39. Bf6 Qd6 40. Qa8+ Kd7 41. Qd8+
Kc6 42. Qc8+ Kd5 43. Qb7+ Qc6 44. Qxf7+ Qe6 45. Qb7+ Qc6 46. Qxh7 Rc1 47. Qg8+
Kc5 48. Bd4+ Kb5 49. Qb8+ Ka6 50. Qa7+ Kb5 51. Qb8+ Ka6 52. Rf6 1-0

[Event "Sardinia World Open A"]
[Site "Orosei ITA"]
[Date "2026.05.07"]
[Round "6.21"]
[White "Adharsh K"]
[Black "Song, Yuxin"]
[Result "1/2-1/2"]
[WhiteTitle "FM"]
[BlackTitle "IM"]
[WhiteElo "2312"]
[BlackElo "2462"]
[WhiteFideId "25718207"]
[BlackFideId "8614300"]
[EventDate "2026.05.03"]

1. e4 c5 2. Nf3 Nc6 3. d4 cxd4 4. Nxd4 g6 5. c4 Bg7 6. Be3 Qb6 7. Nb3 Qd8 8. Nd4
Qb6 9. Nb3 Qd8 10. Qd2 d6 11. Nc3 Nf6 12. f3 Be6 13. Rc1 O-O 14. Be2 Nd7 15. O-O
a5 16. f4 Nc5 17. Nd4 Nxd4 18. Bxd4 Bxd4+ 19. Qxd4 f6 20. e5 Rc8 21. exd6 Qxd6
22. Qxd6 exd6 23. Rfd1 Rfd8 24. Rd4 Bf7 25. g3 Rc6 26. Rcd1 Kf8 27. Nb5 Ke7 28.
Bf3 Ne6 29. Re1 Rc5 30. Bxb7 Kf8 31. Rdd1 Rxc4 32. Rxd6 Rb4 33. Rexe6 Rxd6 34.
Rxd6 Rxb5 35. Bf3 Rxb2 36. Rxf6 Kg7 37. Ra6 Rxa2 38. Ra7 Kg8 39. Ra8+ Kg7 40.
Ra7 Kg8 41. Ra8+ Kg7 1/2-1/2

[Event "Sardinia World Open A"]
[Site "Orosei ITA"]
[Date "2026.05.07"]
[Round "6.22"]
[White "Muthaiah, AL"]
[Black "Solomon, Kenneth Terence"]
[Result "1/2-1/2"]
[WhiteTitle "IM"]
[BlackTitle "GM"]
[WhiteElo "2448"]
[BlackElo "2270"]
[WhiteFideId "5092442"]
[BlackFideId "14300192"]
[EventDate "2026.05.03"]

1. d4 Nf6 2. c4 e6 3. Nc3 Bb4 4. e3 O-O 5. Bd2 b6 6. Nf3 d5 7. cxd5 exd5 8. Rc1
a6 9. Bd3 Bd6 10. Ne5 c5 11. f4 Bb7 12. O-O Nc6 13. Ng4 Be7 14. Nxf6+ Bxf6 15.
dxc5 bxc5 16. Bb1 g6 17. b3 a5 18. Qf3 Ne7 19. Rfd1 Bc6 20. e4 Bd4+ 21. Kh1 dxe4
22. Bxe4 Bxe4 23. Qxe4 Re8 24. a4 Qd7 25. Nb5 Nc6 26. Qf3 Re6 27. f5 gxf5 28.
Bf4 Rd8 29. h3 Qe7 30. Kh2 Ne5 31. Qh5 Ng6 32. Nxd4 cxd4 33. Bg3 f4 34. Bf2 Re5
35. Qf3 Red5 36. Rc8 Qd7 37. Rxd8+ Qxd8 38. Qd3 Nf8 39. Qc4 Ne6 40. b4 axb4 41.
Qxb4 d3 42. a5 Qxa5 43. Qxa5 Rxa5 44. Rxd3 Ra2 45. Kg1 Ra1+ 46. Kh2 Ra2 47. Kg1
Kg7 48. Be1 Kg6 49. Rd5 f3 50. gxf3 Nf4 51. Rd6+ f6 52. h4 Rc2 1/2-1/2

[Event "Sardinia World Open A"]
[Site "Orosei ITA"]
[Date "2026.05.07"]
[Round "6.23"]
[White "Bai, Adelard"]
[Black "Redzisz, Michal"]
[Result "1/2-1/2"]
[WhiteTitle "IM"]
[BlackTitle "FM"]
[WhiteElo "2436"]
[BlackElo "2265"]
[WhiteFideId "16301188"]
[BlackFideId "21816107"]
[EventDate "2026.05.03"]

1. Nf3 d5 2. g3 Nf6 3. Bg2 Nc6 4. d4 e6 5. O-O Bd6 6. c4 O-O 7. Bg5 h6 8. Bxf6
Qxf6 9. cxd5 exd5 10. Nc3 Ne7 11. e4 dxe4 12. Nxe4 Qg6 13. Ne5 Bxe5 14. dxe5 Bf5
15. Nc3 Qa6 16. Qf3 c6 17. Rfd1 Qa5 18. Qf4 Rad8 19. Rd6 Ng6 20. Qd4 Nxe5 21. b4
Qc7 22. Qxe5 Qxd6 23. Qxf5 Qxb4 24. Be4 g6 25. Qf3 Kg7 26. Rb1 Qe7 27. h4 h5 28.
Qe3 b6 29. Qf3 1/2-1/2

[Event "Sardinia World Open A"]
[Site "Orosei ITA"]
[Date "2026.05.07"]
[Round "6.24"]
[White "Danila, Tudor-Gabriel"]
[Black "Zwirs, Nico"]
[Result "1/2-1/2"]
[WhiteTitle "CM"]
[BlackTitle "IM"]
[WhiteElo "2172"]
[BlackElo "2434"]
[WhiteFideId "1274244"]
[BlackFideId "1036432"]
[EventDate "2026.05.03"]

1. e4 c5 2. Nf3 d6 3. d4 cxd4 4. Nxd4 Nf6 5. Nc3 a6 6. f3 e5 7. Nb3 Be6 8. Be3
h5 9. Nd5 Bxd5 10. exd5 Nbd7 11. Qd2 g6 12. O-O-O Bg7 13. Kb1 Rc8 14. Be2 Qc7
15. Rc1 O-O 16. g4 Rfe8 17. g5 Nh7 18. h4 Nhf8 19. Rhd1 Ra8 20. Na5 Nc5 21. c4
b6 22. Nc6 a5 23. Rc2 Nfd7 24. Bf1 Nb8 25. Bxc5 bxc5 26. Bd3 a4 27. a3 Ra6 28.
Be4 Rb6 29. Qa5 Nxc6 30. Qxa4 Nd4 31. Qxe8+ Kh7 32. Rxd4 exd4 33. Bd3 Rb3 34.
Qe4 Qd7 35. Re2 Rb8 36. Kc1 Qh3 37. Kb1 Qh1+ 38. Ka2 Qd1 39. Rc2 Kg8 40. f4 1/2-1/2

[Event "Sardinia World Open A"]
[Site "Orosei ITA"]
[Date "2026.05.07"]
[Round "6.25"]
[White "Favaloro, Andrea"]
[Black "Urbani, Gabriel"]
[Result "1-0"]
[WhiteTitle "IM"]
[BlackTitle "FM"]
[WhiteElo "2395"]
[BlackElo "2258"]
[WhiteFideId "885940"]
[BlackFideId "2830138"]
[EventDate "2026.05.03"]

1. c4 e6 2. g3 d5 3. Bg2 Nf6 4. Nf3 Be7 5. O-O O-O 6. d4 dxc4 7. Qc2 a6 8. a4 b6
9. Ne5 Ra7 10. Rd1 Bb7 11. e4 Nc6 12. Nxc6 Bxc6 13. Nc3 Qc8 14. Qe2 Ba8 15. Bf4
c6 16. Qxc4 Rd7 17. Rac1 Rfd8 18. e5 Ne8 19. Be3 b5 20. Qe2 Qb8 21. h4 Bb7 22.
h5 h6 23. Be4 b4 24. Nb1 c5 25. Bxb7 Rxb7 26. dxc5 Rxd1+ 27. Qxd1 Qc8 28. c6 Rc7
29. Qf3 Bg5 30. Bxg5 hxg5 31. Nd2 g4 32. Qe4 f5 33. Qc4 Rf7 34. Qxb4 f4 35. Ne4
fxg3 36. fxg3 Qd8 37. Qc4 Qb6+ 38. Kg2 Qxb2+ 39. Rc2 Qxe5 40. Rf2 Nd6 41. Nxd6
Rxf2+ 42. Kxf2 Qxd6 43. Ke2 Qe5+ 44. Kd1 Qxg3 45. c7 Qf3+ 46. Kc2 Qg2+ 47. Kc3
Qf3+ 48. Kb4 a5+ 49. Kxa5 Qa8+ 50. Kb6 Qc8 51. Qd3 1-0

[Event "Sardinia World Open A"]
[Site "Orosei ITA"]
[Date "2026.05.07"]
[Round "6.26"]
[White "Niedbala, Bartlomiej"]
[Black "Veleshnja, Zino"]
[Result "1-0"]
[WhiteTitle "IM"]
[BlackTitle "FM"]
[WhiteElo "2378"]
[BlackElo "2186"]
[WhiteFideId "21834008"]
[BlackFideId "4701313"]
[EventDate "2026.05.03"]

1. e4 e6 2. d4 d5 3. Nc3 Nf6 4. e5 Nfd7 5. f4 c5 6. Nf3 Nc6 7. Be3 Be7 8. Qd2 a6
9. Bd3 c4 10. Be2 b5 11. f5 Nf8 12. fxe6 Nxe6 13. O-O b4 14. Nd1 O-O 15. Nf2 Bd7
16. Kh1 Qa5 17. b3 c3 18. Qd1 Qd8 19. Nh3 f5 20. exf6 Bxf6 21. Bd3 g6 22. a3
bxa3 23. Rxa3 Qe7 24. Ra1 Nexd4 25. Bxd4 Nxd4 26. Nf4 Bg4 27. Nxd5 Qd6 28. Bc4
Kg7 29. Nxf6 Bxf3 30. Rxf3 Rxf6 31. Rxc3 Qe5 32. Qe1 Re8 33. Qxe5 Rxe5 34. Bd3
h5 35. Rc4 Nf5 36. Rf4 a5 37. Raf1 Rfe6 38. Kg1 Ne3 39. Rf7+ Kh6 40. Ra1 Rg5 41.
Rf2 Ng4 42. Rd2 Rd6 43. Re2 h4 44. Rae1 Nf6 45. Rf1 Nh5 46. Re4 h3 47. g3 Nf6
48. Ref4 Nd5 49. Rd4 Re6 50. Rh4+ Rh5 51. Rd4 Rg5 52. Ra1 Nb4 53. Rh4+ Kg7 54.
Rxh3 Nxd3 55. cxd3 Rb6 56. Ra3 Rb4 57. Kf2 Rgb5 58. Rh4 Rxb3 59. Rxb3 Rxb3 60.
Ke3 Rb2 61. Ra4 Rxh2 62. Rxa5 Rg2 63. Kf3 Rd2 64. Ra7+ Kf6 65. Rd7 Kf5 66. Rd6
Rd1 67. Rd5+ Ke6 68. Rd8 Kf5 69. Rd4 Ke5 70. Re4+ Kf5 71. Ke2 Rg1 72. Rf4+ Ke6
73. Kf3 Rd1 74. Ke4 Re1+ 75. Kd4 Rg1 76. Rf3 Ra1 77. Ke4 Re1+ 78. Kf4 Kf6 79.
Kg4+ Kg7 80. Rf4 Rd1 81. Rd4 Kf6 82. Rd6+ Ke7 83. Rd4 Kf6 84. Rf4+ Kg7 85. Rf3
Ra1 86. d4 Rd1 87. Rf4 Rd3 88. Kh4 Rd1 89. Kg5 Rd3 90. g4 Ra3 91. Re4 Ra5+ 92.
Re5 Ra4 93. Re7+ Kf8 94. Rd7 Ke8 95. Rd5 Kf7 96. Kh6 Rb4 97. g5 Ke6 98. Re5+ Kf7
99. Re4 Ra4 100. Rf4+ Kg8 101. Kxg6 Rb4 102. Kf6 Rb6+ 103. Ke7 Rb5 104. Rg4 Kg7
105. g6 Rb7+ 106. Kd6 1-0

[Event "Sardinia World Open A"]
[Site "Orosei ITA"]
[Date "2026.05.07"]
[Round "6.27"]
[White "Castellanos Villela, Alejandro"]
[Black "Jaidambareesh N R"]
[Result "0-1"]
[WhiteTitle "FM"]
[BlackTitle "FM"]
[WhiteElo "2271"]
[BlackElo "2373"]
[WhiteFideId "3446379"]
[BlackFideId "46656391"]
[EventDate "2026.05.03"]

1. e4 e5 2. Nf3 Nc6 3. Nc3 Nf6 4. d4 exd4 5. Nxd4 Bb4 6. Nxc6 bxc6 7. Bd3 d5 8.
Bd2 O-O 9. O-O Bg4 10. Qc1 Bxc3 11. Bxc3 dxe4 12. Bxf6 Qxf6 13. Bxe4 Rae8 14. f3
Bf5 15. Bxf5 Qxf5 16. Qd2 Qc5+ 17. Qf2 Qb5 18. Qd4 Re2 19. Rf2 Re6 20. b3 Rfe8
21. h3 c5 22. Qf4 Qa5 23. Kh2 Rd6 24. c4 Rd4 25. Qc1 Qb6 26. Qf1 Qe6 27. Kh1 Qe3
28. Rc1 Rd6 29. Rcc2 Rde6 30. Rcd2 h6 31. Qd1 g6 32. Qf1 Qe5 33. f4 Qc3 34. Rde2
Rxe2 35. Rxe2 Rxe2 36. Qxe2 Qc1+ 37. Kh2 Qxf4+ 38. Kh1 Qd4 39. Qe8+ Kg7 40. Qa4
Qd1+ 41. Kh2 Qd6+ 42. Kh1 a6 43. Qa3 h5 44. Qb2+ Kh7 45. Qe2 Kg7 46. Kg1 Qe6 47.
Qf2 Qe5 48. Kh1 g5 49. Qf3 Kg6 50. Qc6+ Qd6 51. Qe4+ Kh6 52. Qe8 Kg7 53. Qe3
Qd1+ 54. Kh2 Qd6+ 55. Kh1 f6 56. Qe4 Qe5 57. Qc6 a5 58. Qd7+ Kg6 59. Qd3+ Kh6
60. Qd8 g4 61. hxg4 hxg4 62. Qf8+ Kg5 63. Qg7+ Kf4 64. Qh6+ Qg5 65. Qh7 g3 66.
Kg1 Qe5 67. Qh6+ Ke4 68. Qc1 Qd4+ 69. Kh1 Kf5 70. Qf1+ Kg6 71. Qb1+ f5 72. Qe1
Qh4+ 73. Kg1 Qh2+ 74. Kf1 Qh1+ 75. Ke2 Qxg2+ 76. Kd1 Qe4 77. Qxg3+ Qg4+ 78.
Qxg4+ fxg4 79. Ke2 Kg5 80. Ke3 Kh4 81. Kf2 Kh3 82. Kg1 Kg3 83. Kf1 Kh2 84. Ke1 0-1

[Event "Sardinia World Open A"]
[Site "Orosei ITA"]
[Date "2026.05.07"]
[Round "6.29"]
[White "Kantane, Anna"]
[Black "Akshat Sureka"]
[Result "1-0"]
[WhiteTitle "WIM"]
[BlackTitle "FM"]
[WhiteElo "2216"]
[BlackElo "2093"]
[WhiteFideId "1135988"]
[BlackFideId "25774492"]
[EventDate "2026.05.03"]

1. e4 c5 2. Nf3 d6 3. d4 cxd4 4. Nxd4 Nf6 5. Nc3 g6 6. Be3 Bg7 7. f3 O-O 8. Qd2
Nc6 9. O-O-O d5 10. exd5 Nxd5 11. Nxc6 bxc6 12. Bd4 e5 13. Bc5 Re8 14. Bc4 Be6
15. Ne4 Qc7 16. g4 Rad8 17. Bb3 Nf4 18. Nd6 Rf8 19. h4 Bxb3 20. axb3 Ne6 21. Qe3
Nxc5 22. Qxc5 Rd7 23. Ne4 Rfd8 24. g5 Rd5 25. Rxd5 Rxd5 26. Qe3 Qa5 27. Kb1 Qb6
28. Qe2 Qd8 29. c3 h5 30. Kc2 Kh7 31. Ra1 Ra5 32. Rd1 Rd5 33. Rg1 Rb5 34. Qc4
Qd5 35. Rd1 Qxc4 36. bxc4 Rb7 37. Rd8 Rc7 38. Ra8 Bh8 39. b4 Bg7 40. c5 Bh8 41.
c4 Rd7 42. b5 cxb5 43. cxb5 Rb7 44. c6 Rc7 45. Kb3 Bg7 46. Kb4 1-0

[Event "Sardinia World Open A"]
[Site "Orosei ITA"]
[Date "2026.05.07"]
[Round "6.30"]
[White "Stefan, Iulia-Cristiana"]
[Black "Saine, Zachary"]
[Result "0-1"]
[WhiteTitle "WFM"]
[WhiteElo "2003"]
[BlackElo "2135"]
[WhiteFideId "1273876"]
[BlackFideId "2624346"]
[EventDate "2026.05.03"]

1. d4 Nf6 2. Nf3 e6 3. Bg5 h6 4. Bh4 c5 5. e3 cxd4 6. exd4 Qb6 7. Nbd2 Qxb2 8.
Rb1 Qxa2 9. Bd3 Be7 10. O-O Qa5 11. Nc4 Qd8 12. d5 Nxd5 13. Nd6+ Kf8 14. Nxf7
Kxf7 15. Ne5+ Kg8 16. Qh5 Qf8 17. Bg6 Nf4 18. Bf7+ Kh7 19. Qf3 Nc6 20. Bxe7 Qxe7
21. Qe4+ g6 22. Bxg6+ Kg7 23. Qxf4 Nxe5 24. Qxe5+ Qf6 25. Qd6 Qxg6 26. Rb3 Kf7
27. Qe5 Rf8 28. Rg3 Qh7 29. Rd1 Ke8 30. Rg7 Qf5 31. Qd4 Qf6 32. Rxd7 Qxd4 33.
R7xd4 a5 34. Rd8+ Ke7 0-1

[Event "Sardinia World Open A"]
[Site "Orosei ITA"]
[Date "2026.05.07"]
[Round "6.31"]
[White "Kavutskiy, Kostya"]
[Black "Atanasov, Anthony"]
[Result "0-1"]
[WhiteTitle "IM"]
[BlackTitle "IM"]
[WhiteElo "2318"]
[BlackElo "2470"]
[WhiteFideId "2026384"]
[BlackFideId "2623897"]
[EventDate "2026.05.03"]

1. d4 Nf6 2. c4 e6 3. Nf3 d5 4. g3 Bb4+ 5. Nbd2 a5 6. Bg2 Nc6 7. O-O O-O 8. a3
Be7 9. b3 Ne4 10. Bb2 f5 11. e3 b6 12. Ne1 Bb7 13. Nd3 Bd6 14. Rc1 Qe8 15. Rc2
Nd8 16. Nf3 a4 17. b4 dxc4 18. Rxc4 Nf7 19. Rc1 Qb5 20. Re1 Bd5 21. Nf4 Bxf4 22.
exf4 Rfc8 23. h4 Ned6 24. Ba1 h6 25. Bf1 Qd7 26. Re3 b5 27. Ne5 Qe8 28. Be2 Nxe5
29. Rxe5 Qd7 30. Qf1 c6 31. Kh2 Rf8 32. h5 Rad8 33. Bc3 Qa7 34. f3 Rf6 35. Qf2
Qf7 36. Bd2 Qxh5+ 37. Kg2 Qf7 38. Re3 Nc4 39. Bxc4 Bxc4 40. Ree1 Bd5 41. Be3 Qe7
42. Rh1 Kf7 43. Qd2 Rg8 44. Kf2 Ke8 45. Rh5 Kd7 46. Qc3 Bc4 47. d5 exd5 48. Re1
Re8 49. Qd4 Kc8 50. Rhh1 Re6 51. Qb6 c5 52. Qa5 d4 53. Qa8+ Kc7 54. Qa7+ Kc6 55.
Qa6+ 0-1

[Event "Sardinia World Open A"]
[Site "Orosei ITA"]
[Date "2026.05.07"]
[Round "6.50"]
[White "Lokesh, N."]
[Black "Swara Lakshmi S Nair"]
[Result "0-1"]
[BlackTitle "WFM"]
[WhiteElo "2248"]
[BlackElo "2098"]
[WhiteFideId "5025044"]
[BlackFideId "25629239"]
[EventDate "2026.05.03"]

1. e4 c5 2. Nc3 Nc6 3. Bb5 Nd4 4. Nf3 e6 5. Nxd4 cxd4 6. Ne2 Qg5 7. Nxd4 Qc5 8.
Nxe6 fxe6 9. a4 Qe5 10. d3 a6 11. Bc4 Nf6 12. O-O Qc7 13. Qe2 Bd6 14. f4 Bc5+
15. Kh1 O-O 16. e5 Ne8 17. c3 Kh8 18. d4 Be7 19. Bd3 g6 20. Qg4 Ng7 21. Qh3 Kg8
22. Bd2 d6 23. g4 dxe5 24. fxe5 b6 25. Rxf8+ Bxf8 26. Bg5 Bb7+ 27. Kg1 Be7 28.
Bf6 Rf8 29. Rf1 Qc6 30. Be2 Bxf6 31. Bf3 Qc7 32. Bxb7 Bxe5 33. Rxf8+ Kxf8 34.
Qf3+ Bf4 35. Bxa6 Ke7 36. Qh3 Qc6 37. Kf2 h6 38. Bb5 Qh1 39. Qg2 Qxh2 40. Qxh2
Bxh2 41. b4 Bc7 42. Bd3 g5 43. c4 h5 44. Kf3 h4 45. c5 Ne8 46. b5 Nf6 47. a5
bxa5 48. b6 Bf4 49. Bb5 Nd5 50. Bc6 Kd8 51. Ke4 Kc8 52. Kf3 h3 53. Be8 Kb7 54.
Bf7 Ne3 55. Bg6 h2 56. Be4+ Nd5 57. Ke2 a4 58. Kd3 a3 59. Kc2 Be3 0-1

[Event "Sardinia World Open A"]
[Site "Orosei ITA"]
[Date "2026.05.08"]
[Round "7.1"]
[White "Suyarov, Mukhammadzokhid"]
[Black "Nepomniachtchi, Ian"]
[Result "1/2-1/2"]
[WhiteTitle "IM"]
[BlackTitle "GM"]
[WhiteElo "2534"]
[BlackElo "2729"]
[WhiteFideId "14210495"]
[BlackFideId "4168119"]
[EventDate "2026.05.03"]

1. e4 c5 2. Nf3 d6 3. Bb5+ Nd7 4. O-O a6 5. Bd3 Ngf6 6. Re1 e6 7. c3 b5 8. Bc2
c4 9. a4 Bb7 10. axb5 axb5 11. Rxa8 Qxa8 12. Na3 Bxe4 13. Bxe4 Nxe4 14. d3 cxd3
15. Nxb5 Qb7 16. c4 d5 17. cxd5 exd5 18. Qxd3 Bc5 19. Be3 O-O 20. Nc3 Ndf6 21.
Bxc5 Nxc5 22. Qd2 Rb8 23. Re2 Nce4 24. Qd4 h6 25. Nxd5 Qxd5 26. Qxd5 Nxd5 27.
Rxe4 Rxb2 28. Kf1 Rb1+ 29. Re1 Rb2 1/2-1/2

[Event "Sardinia World Open A"]
[Site "Orosei ITA"]
[Date "2026.05.08"]
[Round "7.2"]
[White "Svane, Frederik"]
[Black "Martirosyan, Haik M."]
[Result "1/2-1/2"]
[WhiteTitle "GM"]
[BlackTitle "GM"]
[WhiteElo "2645"]
[BlackElo "2636"]
[WhiteFideId "12923044"]
[BlackFideId "13306553"]
[EventDate "2026.05.03"]

1. e4 e5 2. Nf3 Nc6 3. Bc4 Nf6 4. d4 exd4 5. e5 Ng4 6. O-O d6 7. exd6 Qxd6 8.
Re1+ Be7 9. h3 Nf6 10. b3 O-O 11. Ba3 Qd8 12. Bxe7 Nxe7 13. Qxd4 Qxd4 14. Nxd4
Nf5 15. Nf3 Nd6 16. Bd3 Bd7 17. Nbd2 Rfe8 18. Nc4 Nxc4 19. Bxc4 Rxe1+ 20. Rxe1
Re8 21. Rxe8+ 1/2-1/2